Taking positions : on the erotic in renaissance culture
Αποθηκεύτηκε σε:
| Κύριος συγγραφέας: | |
|---|---|
| Μορφή: | Βιβλίο |
| Γλώσσα: | English |
| Δημοσίευση: |
Princeton, N. J. :
Princeton University Press,
c1999
|
| Θέματα: | |
| Ετικέτες: |
Προσθήκη ετικέτας
Δεν υπάρχουν, Καταχωρήστε ετικέτα πρώτοι!
|
MARC
| LEADER | 00000nam a2200000 i 4500 | ||
|---|---|---|---|
| 001 | 1/19494 | ||
| 008 | 010503s1999 eng d | ||
| 020 | |a 0-691-02632-7 | ||
| 035 | |l 10066874 | ||
| 040 | |a GR-MY-UA |b gre |e aacr | ||
| 041 | 0 | |a eng | |
| 082 | 0 | |a 769.428 |2 (22) | |
| 100 | 1 | |a Talvacchia, Bette |d 1951- | |
| 245 | 1 | 0 | |a Taking positions : |b on the erotic in renaissance culture / |c Bette Talvacchia |
| 260 | |a Princeton, N. J. : |b Princeton University Press, |c c1999 | ||
| 300 | |a xiii, 302 σ.; |b εικ.; |c 26 εκ. | ||
| 504 | |a Βιβλιογραφία: σ. [279]-288. Ευρετήριο | ||
| 600 | 1 | 0 | |a Romano Giulio |d 1499-1546. |
| 600 | 1 | 0 | |a Modi |x Illustrations. |
| 650 | 0 | 0 | |a Erotic prints |z Italy |x History |y 16th century. |
| 650 | 0 | 0 | |a Engraving, Italian. |
| 650 | 0 | 0 | |a Engraving, Renaissance |z Italy. |
| 650 | 0 | 0 | |a Sex in art. |
| 852 | |a INST |b SYROS |e 20010503 |h 769.428 TAL |p 005500001287 |q 005500001287 |t BK |y 0 | ||
| 901 | |a BIBL5-2001-2 | ||
| 909 | |a Ε |b 086832 | ||
| 922 | |a 5ΕΛΗ |b 200105 |c ΓΡΑΦΙΚΩΝ ΤΕΧΝΩΝ |d LEADER BOOKS | ||
| 970 | |a ΚΡΗΤΙΚΟΥ |b ΘΩΜΑΙΣ |z 2001/05/03 | ||